02026nam a2200505 i 450000100060000000300080000600500170001400600190003100700150005000800410006502000180010603500230012403500240014703500250017103500220019604000310021805000220024908000190027108200200029024500850031026401220039530000630051733600310058033700330061133800430064449000950068750000230078250400290080558801230083465000320095765000460098965000470103565000270108265000170110965000290112665100310115565100390118665100380122565100120126365100140127565500270128970000460131683000960136285600620145834883FlNmELB20241216221307.0m o d | cr cnu||||||||180607s2016 sp a ob 001 0 spa d z9788448615093 a(MiAaPQ)EBC5350163 a(Au-PeEL)EBL5350163 a(CaPaEBR)ebr11546140 a(OCoLC)1105870383 aFINmELBbspaerdacFINmELB 4aHG5392bP426 2016 a339.727.22(85)0 a332.673098522300aPerú :bfirme vocación internacional /cGonzalo Solana González, director. 1aMadrid :bServicio de Publicaciones, Universidad Antonio de Nebrija :bMcGraw-Hill Interamericana de España,c2016. a1 recurso en línea (xiv, 216 páginas) :bilustraciones atextobtxt2rdacontent/spa acomputadorabc2rdamedia/spa arecurso en líneabcr2rdacarrier/spa1 aExperiencias de internacionalización de empresas españolas en mercados emergentes ;v7 aContiene índice. aContiene bibliografía. aDescripción basada en recurso en línea; Título de la página del título en PDF (e-libro, visto June 1, 2018). 0aInvestments, ForeignzPeru. 0aInternational business enterpriseszPeru. 0aInternational business enterpriseszSpain. 4aEmpresa transnacional. 4aInversión. 4aRelaciones económicas. 0aPeruxEconomic conditions. 0aSpainxForeign economic relations. 0aPeruxForeign economic relations. 4aPerú. 4aEspaña. 4aLibros electrónicos.1 aSolana González, Gonzalo,ecoordinador. 0aExperiencias de internacionalización de empresas españolas en mercados emergentes ;v7.40uhttps://elibro.net/ereader/politecnicointernacional/50345